000 00491nam a22001457a 4500
005 20251121085759.0
008 251121b |||||||| |||| 00| 0 eng d
050 _aTH145 ARO
100 _aArora, S. P.
245 _aA Text Book of Building Construction including Engineering Materials for Engineering Students
_cS. P. Arora & S. P. Bindra
260 _aNew Delhi
_bDhanpat Rai Publications Ltd.
_c2009
300 _avarious paging
_bill.
_c24cm
700 _aBindra, S. P.
942 _2lcc
_cBK
_n0
999 _c8272
_d8272